Music Quiz

Random Music or Disney Quiz

Can you name this Disney song without help? Quiz Stats

 Plays Quiz not verified by Sporcle

Score 0/278 Timer 10:00
0 Plays Today
% Correct
a
97.2%
the
97.2%
the
97.2%
the
97.2%
and
97.2%
the
97.2%
the
97.2%
and
97.2%
a
97.2%
a
97.2%
and
97.2%
a
97.2%
a
97.2%
the
97.2%
the
97.2%
the
97.2%
a
97.2%
a
97.2%
a
97.2%
and
97.2%
a
97.2%
a
97.2%
a
97.2%
a
97.2%
a
97.2%
you
88.1%
we
79.7%
be
79.7%
to
79%
to
79%
to
79%
to
79%
is
77.6%
is
77.6%
is
77.6%
is
77.6%
is
77.6%
is
77.6%
is
77.6%
is
77.6%
is
77.6%
in
73.4%
in
73.4%
in
73.4%
of
71.3%
of
71.3%
of
71.3%
of
71.3%
of
71.3%
there
69.9%
there
69.9%
there
69.9%
there
69.9%
there
69.9%
she
69.2%
she
69.2%
she
69.2%
she
69.2%
she
69.2%
she
69.2%
she
69.2%
she
69.2%
so
68.5%
that
67.1%
that
67.1%
that
67.1%
that
67.1%
that
67.1%
that
67.1%
that
67.1%
that
67.1%
that
67.1%
it's
65.7%
your
65.7%
your
65.7%
it's
65.7%
it's
65.7%
it's
65.7%
it's
65.7%
no
64.3%
no
64.3%
what
64.3%
where
64.3%
no
64.3%
no
64.3%
like
62.2%
like
62.2%
like
62.2%
this
61.5%
this
61.5%
this
61.5%
if
60.8%
her
60.1%
% Correct
her
60.1%
my
60.1%
her
60.1%
her
60.1%
one
58.7%
day
57.3%
with
57.3%
day
57.3%
how
57.3%
day
57.3%
how
57.3%
with
57.3%
see
57.3%
every
56.6%
every
56.6%
his
55.2%
I
55.2%
I
55.2%
up
54.5%
goes
54.5%
goes
54.5%
girl
54.5%
up
54.5%
girl
54.5%
goes
54.5%
girl
54.5%
goes
54.5%
girl
54.5%
girl
54.5%
girl
54.5%
girl
54.5%
too
53.8%
but
53.1%
but
53.1%
but
53.1%
but
53.1%
life!
52.4%
us
52.4%
us
52.4%
us
52.4%
just
51.7%
little
50.3%
little
50.3%
little
50.3%
say...
50.3%
Belle
50.3%
good
50.3%
good
50.3%
Belle
50.3%
Belle
50.3%
Belle!
50.3%
town
49%
town
49%
town
49%
have
49%
look
48.3%
can't
48.3%
look
48.3%
look
48.3%
him
48.3%
from
48.3%
look
48.3%
baker
47.6%
same
46.9%
same
46.9%
more
46.9%
won't
46.9%
before
46.2%
than
46.2%
prince
46.2%
I'm
46.2%
village
45.5%
always
45.5%
people
44.8%
bonjour
44.8%
bonjour
44.8%
bonjour
44.8%
bonjour
44.8%
bonjour
44.8%
strange
44.8%
bonjour
44.8%
bonjour
44.8%
strange
44.8%
quiet
44.1%
some
44.1%
book
44.1%
beauty
44.1%
beauty
44.1%
full
43.4%
bread
43.4%
bread
43.4%
well
43.4%
you'll
43.4%
% Correct
now
43.4%
morning
42.7%
morning
42.7%
provincial
42.7%
provincial
42.7%
waking
42%
must
42%
wife?
41.3%
old
41.3%
sell
40.6%
wonder
40.6%
wonder
40.6%
charming
39.9%
three
39.2%
got
39.2%
question
38.5%
she's
38.5%
that's
38.5%
she's
38.5%
nose
38.5%
stuck
38.5%
chapter
38.5%
she's
38.5%
she's
38.5%
sin
38.5%
came
37.8%
need
37.8%
isn't
37.8%
poor
37.1%
since
36.4%
part
36.4%
funny
36.4%
family?
36.4%
rest
36.4%
part
36.4%
'till
36.4%
rest
36.4%
rest
36.4%
funny
36.4%
funny
36.4%
funny
36.4%
never
35.7%
peculiar
35.7%
Oh
35.7%
meets
35.7%
name
35.7%
means
35.7%
peculiar
35.7%
rolls
35%
eggs
35%
because
35%
looks
35%
six
34.3%
here's
34.3%
yes
34.3%
doesn't
33.6%
tell
32.9%
expensive
32.9%
amazing
32.9%
favorite
32.9%
really
32.9%
really
32.9%
discover
32.2%
nothing
32.2%
parallel
31.5%
odd
31.5%
different
30.8%
quite
30.8%
dreamy
30.1%
cloud
29.4%
any
28.7%
afraid
28.7%
rather
28.7%
head
28%
feeling
28%
distracted
26.6%
pity
26.6%
crowd
25.9%
far-off
25.9%
puzzle
25.9%
fit
25.9%
dazed
25.2%
denying
25.2%
behind
25.2%
special
25.2%
fair
23.8%
facade
23.8%
cause
23.1%
'cause
23.1%
most
21.7%
mademoiselle
21.7%
whos
16.8%

You're not logged in!

Compare scores with friends on all Sporcle quizzes.
OR
Log In

Show Comments

Extras

Created Feb 20, 2012ReportNominate
Tags:Disney Quiz, Song Quiz, help

Top Quizzes Today


Score Distribution

Your Account Isn't Verified!

In order to create a playlist on Sporcle, you need to verify the email address you used during registration. Go to your Sporcle Settings to finish the process.

Report this User

Report this user for behavior that violates our Community Guidelines.

Details: